000 00250nam a22001097a 4500
041 _aENG
100 _aKilne S.J
245 _aSimilitude And Approximation Theory
260 _aNew York
_bSpriner-Verlag
_c1989
650 _aFMP
856 _uFMP ( 16 )
999 _c1386
_d1386